La mediación y sus contextos de aplicación: una introducción para profesionales e investigadores
Guardat en:
| Autors principals: | , , |
|---|---|
| Format: | Llibre |
| Idioma: | espanyol |
| Publicat: |
Barcelona
Paidós
1996
|
| Edició: | 1a. ed |
| Col·lecció: | Paidós Mediación, 1
|
| Matèries: | |
| Etiquetes: |
Afegir etiqueta
Sense etiquetes, Sigues el primer a etiquetar aquest registre!
|
MARC
| LEADER | 00000cam a2200000 a 4500 | ||
|---|---|---|---|
| 001 | UCK6908 | ||
| 003 | CL-VaPUC | ||
| 008 | 051021e19960000SP |||||||||||||||||spa|d | ||
| 020 | |a 844930220X | ||
| 082 | 0 | 4 | |a 303.69 |b GRO |2 21 |
| 100 | 0 | |a Grover Duffy, Karen |e author |9 496419 | |
| 700 | 0 | |a Grosch, James W |e author |9 496420 | |
| 700 | 0 | |a Olczak, Paul V |e author |9 496421 | |
| 245 | 1 | 3 | |a La mediación y sus contextos de aplicación: una introducción para profesionales e investigadores |
| 250 | |a 1a. ed | ||
| 300 | |a 413 p | ||
| 942 | |c BK | ||
| 945 | |d 20051021 00:00:00 |a jcarroza | ||
| 260 | |a Barcelona |b Paidós |c 1996 | ||
| 650 | 0 | |a Mediación |9 338396 | |
| 650 | 0 | |a Solución de conflictos |9 266729 | |
| 650 | 0 | |a Comunicación |9 257251 | |
| 583 | |a last modification |c 20170227 01:15:36 |k Rodrigo Vera | ||
| 490 | 0 | |a Paidós Mediación, 1 | |
| 999 | |c 315044 |d 315042 | ||
| 952 | |0 0 |1 0 |4 0 |6 303_690000000000000_GRO_1996 |7 0 |8 A |9 387944 |a BIBDER |b BIBDER |d 2019-11-22 |i 4180739 |o 303.69 GRO 1996 |p 4180739 |r 2023-01-25 |w 2019-11-22 |y BK |k DER | ||
| 952 | |0 0 |1 0 |3 erb |4 0 |6 303_690000000000000_GRO_1996 |7 0 |8 A |9 387945 |a BIBENE |b BIBENE |i 5328853 |o 303.69 GRO 1996 |p 5328853 |r 2025-01-15 |w 2019-11-22 |y BK |z Catalogado en:20170303 |k ICO | ||